| 000 | 00574nam a2200181Ia 4500 | ||
|---|---|---|---|
| 008 | 100920s9999 xx 000 0 und d | ||
| 082 |
_b6355 _a930 थ 57 |
||
| 100 | _aहेरवाडकर रघुनाथ विनायक. | ||
| 245 | _aमराठी बखर. | ||
| 260 |
_bव्हीनस प्रकाशन,पुणे. _c1957 |
||
| 300 |
_a259 _bसाधी |
||
| 365 | _b6 | ||
| 520 | _aइतिहास. | ||
| 630 | _aमराठी बखर. | ||
| 650 | _aइतिहास. | ||
| 730 | _aमराठी बखर. | ||
| 942 | _cBOOK | ||
| 999 |
_c674858 _d674855 |
||